| 000 | 00455pab a2200181 454500 | ||
|---|---|---|---|
| 008 | 180718b2012 xxu||||| |||| 00| 0 eng d | ||
| 100 | _aGarg, Priti | ||
| 245 | _aManaging bio medical waste through public private partnership - a case study | ||
| 260 | _c2012 | ||
| 300 | _ap.30-39. | ||
| 362 | _aOct-Dec | ||
| 650 | _aWaste treatment | ||
| 700 | _aGarg, Renuka | ||
| 700 | _aThawani, Madhu | ||
| 773 | _aNagarlok | ||
| 908 | _aN | ||
| 909 | _a99563 | ||
| 999 |
_c99562 _d99562 |
||